Quiz di cultura generale #1 - Statistics

Statistiche generali
  • Questo quiz è stato fatto 144 volte
  • Il punteggio medio è 13 su 31
Statistiche sulle risposte
Hint Risposta % Corretto
Numero dei Sacramenti nella ChiesaCattolica 7
85%
Compose "Le quattro stagioni" Antonio Vivaldi
81%
Città in cui è situato Dubai
77%
Cittadina siciliana luogo di un famosoattentato mafioso Capaci
65%
Nota casa finlandese di Smartphone Nokia
62%
L'attuale palazzo più alto al mondo Burj Khalifa
61%
Ultimo Re d'Italia Umberto II
58%
Lo sono: Inferno, Purgatorio eParadiso Cantiche
54%
Linea del fronte franco-tedescadella seconda guerra mondiale Maginot
53%
Famoso Leader del Cartello di Medellin Pablo Escobar
53%
Re babilonese ideatore di un famosocodice Hammurabi
51%
Noto architetto genovese considerato datanti il più grande Italiano Renzo Piano
50%
Libri che compongono l'Eneide 12
42%
Primo presidente della RepubblicaItaliana Enrico De Nicola
42%
Isola del Pacifico luogo di un pesanteattacco dei Giapponesi sugli USA Pearl Harbour
42%
Ultimo Segretario Generale dell'URSS Michail Gorbačëv
40%
Mandante dell'Undici Settembre e capodi Al-Qaeda Osama Bin Laden
39%
L'ultimo di questi Estrema Unzione
38%
Famoso dittatore libico Muammar al-Qaddafi
37%
Isotopo del carbonio usato in archeologiaper la datazione dei reperti organici Carbonio 14
35%
Significato di IVA Imposta sul Valore Aggiunto
35%
Uno dei padri dell'Informatica(noto criptologo inglese) Alan Turing
32%
Lo era la Repubblica di Venezia Serenissima
32%
Nota spiaggia cubana sede di una tentataincursione americana nella guerra fredda Baia dei Porci
28%
Primo film creato interamentein computer grafica Toy Story
27%
Luogo del lancio di Apollo 11 Cape Canaveral
19%
Principale Servizio Segreto inglese MI6
19%
Regione moldava filosovietica Transnistria
19%
Fondatore della casa produttricedel film sopra citato (Pixar) Steve Jobs
18%
Uno dei sette savi, il primo a stimarela circonferenza della Terra Eratostene di Cirene
13%
Fondatore della Corea del Nord (DPRK) Kim-il-Sung
13%
Nessun quiz corrispondente trovato
Distribuzione punteggi
Percentuale di utenti per punteggio
Percentile per numero di risposta
I tuoi punteggi nel tempo
Non hai fatto questo quiz